User Interface Design and Evaluation / (Record no. 11097)
[ view plain ]
| 000 -LEADER | |
|---|---|
| fixed length control field | 01543cam a22003614a 4500 |
| 001 - CONTROL NUMBER | |
| control field | 13822945 |
| 005 - DATE AND TIME OF LATEST TRANSACTION | |
| control field | 20201128013550.0 |
| 008 - FIXED-LENGTH DATA ELEMENTS--GENERAL INFORMATION | |
| fixed length control field | 041222s2005 ne a b 001 0 eng |
| 010 ## - LIBRARY OF CONGRESS CONTROL NUMBER | |
| LC control number | 2004061900 |
| 020 ## - INTERNATIONAL STANDARD BOOK NUMBER | |
| International Standard Book Number | 0120884364 (alk. paper) |
| 020 ## - INTERNATIONAL STANDARD BOOK NUMBER | |
| International Standard Book Number | 9780120884360 |
| 040 ## - CATALOGING SOURCE | |
| Original cataloging agency | DLC |
| Transcribing agency | DLC |
| Modifying agency | DLC |
| 042 ## - AUTHENTICATION CODE | |
| Authentication code | pcc |
| 050 00 - LIBRARY OF CONGRESS CALL NUMBER | |
| Classification number | QA76.9.U83 |
| Item number | U835 2005 |
| 082 00 - DEWEY DECIMAL CLASSIFICATION NUMBER | |
| Classification number | 005.437 |
| Edition number | 22 |
| Item number | STO |
| 100 ## - MAIN ENTRY--PERSONAL NAME | |
| 9 (RLIN) | 2733 |
| Personal name | Stone, Debbie |
| 245 00 - TITLE STATEMENT | |
| Title | User Interface Design and Evaluation / |
| Statement of responsibility, etc | Debbie Stone ... [et al.]. |
| 260 ## - PUBLICATION, DISTRIBUTION, ETC. (IMPRINT) | |
| Place of publication, distribution, etc | Amsterdam ; |
| -- | Boston, Mass. : |
| Name of publisher, distributor, etc | Elsevier : |
| -- | Morgan Kaufmann, |
| Date of publication, distribution, etc | c2005. |
| 300 ## - PHYSICAL DESCRIPTION | |
| Extent | xxviii, 669 p. : |
| Other physical details | ill. (chiefly col.) ; |
| Dimensions | 24 cm. |
| 440 #0 - | |
| -- | Morgan Kaufmann series in interactive technologies |
| -- | 2675 |
| 504 ## - BIBLIOGRAPHY, ETC. NOTE | |
| Bibliography, etc | Includes bibliographical references (p. 631-640) and index. |
| 650 #0 - SUBJECT ADDED ENTRY--TOPICAL TERM | |
| Topical term or geographic name as entry element | User interfaces (Computer systems) |
| 9 (RLIN) | 2676 |
| 655 ## - INDEX TERM--GENRE/FORM | |
| -- | 2194 |
| Genre/form data or focus term | Human Computer Interaction- year 2. |
| Form subdivision | |
| General subdivision | Computer Science |
| Chronological subdivision | Semester 2. 2008/2009 |
| 700 1# - ADDED ENTRY--PERSONAL NAME | |
| Personal name | Stone, Debbie |
| 9 (RLIN) | 2733 |
| 700 1# - ADDED ENTRY--PERSONAL NAME | |
| Personal name | Jarrett, Caroline |
| 9 (RLIN) | 2730 |
| 700 1# - ADDED ENTRY--PERSONAL NAME | |
| Personal name | Woodroffe, Mark |
| 9 (RLIN) | 2731 |
| 700 1# - ADDED ENTRY--PERSONAL NAME | |
| Personal name | Minocha, Shailey |
| 9 (RLIN) | 2732 |
| 710 2# - ADDED ENTRY--CORPORATE NAME | |
| Corporate name or jurisdiction name as entry element | Open University. |
| 9 (RLIN) | 2678 |
| 856 42 - ELECTRONIC LOCATION AND ACCESS | |
| Materials specified | Publisher description |
| Uniform Resource Identifier | <a href="http://www.loc.gov/catdir/enhancements/fy0619/2004061900-d.html">http://www.loc.gov/catdir/enhancements/fy0619/2004061900-d.html</a> |
| 856 41 - ELECTRONIC LOCATION AND ACCESS | |
| Materials specified | Table of contents only |
| Uniform Resource Identifier | <a href="http://www.loc.gov/catdir/enhancements/fy0619/2004061900-t.html">http://www.loc.gov/catdir/enhancements/fy0619/2004061900-t.html</a> |
| 942 ## - ADDED ENTRY ELEMENTS (KOHA) | |
| Source of classification or shelving scheme | Dewey Decimal Classification |
| Item type | Book - Borrowing |
| Withdrawn status | Item status | Source of classification or shelving scheme | Damaged status | Not for loan | Vendor | Home library | Current library | Shelving location | Date acquired | Source of acquisition | Total Checkouts | Total Renewals | Full call number | Barcode | Date last seen | Date last borrowed | Koha item type | Checked out |
|---|---|---|---|---|---|---|---|---|---|---|---|---|---|---|---|---|---|---|
| Dewey Decimal Classification | Baccah | Central Library | Central Library | Lower Floor | 22/03/2009 | 4 | 11 | 005.437 STO | 000015457 | 15/07/2025 | 01/10/2012 | Book - Borrowing | ||||||
| Dewey Decimal Classification | Baccah | Central Library | Central Library | Lower Floor | 24/03/2009 | 005.437 STO | 000015699 | 15/07/2025 | NB - Book (Non borrowing) | |||||||||
| Dewey Decimal Classification | Baccah | Central Library | Central Library | Lower Floor | 24/03/2009 | 2 | 005.437 STO | 000015700 | 24/08/2009 | 24/08/2009 | Book - Borrowing | 31/08/2009 | ||||||
| Dewey Decimal Classification | Baccah | Central Library | Central Library | Lower Floor | 24/03/2009 | 5 | 53 | 005.437 STO | 000015701 | 15/07/2025 | 10/10/2010 | Book - Borrowing |